| 000 | 00809nam a2200253 a 4500 | ||
|---|---|---|---|
| 001 | 51726 | ||
| 003 | BD-RjUL | ||
| 005 | 20211209075714.0 | ||
| 008 | 160901r19571921nyu b 001 0 eng | ||
| 020 | _a0404145639 | ||
| 035 | _a(BD-RjUL)51846 | ||
| 040 |
_aBD-RjUL _beng _cBD-RjUL _dBD-RjUL |
||
| 041 | _aeng | ||
| 082 |
_a519.2 _223 _bKET 1957 |
||
| 100 | 1 |
_aKeynes, John Maynard, _d1883-1946. _9154657 |
|
| 245 | 1 | 2 |
_aA treatise on probability / _cJohn Maynard Keynes |
| 260 |
_aNew York : _bAMS Press, _c1921 [ Reprinted 1957 ] |
||
| 300 |
_axi, 466 p. ; _c23 cm. |
||
| 500 | _aReprint of the 1921 ed. published by Macmillan, London. | ||
| 504 | _aIncludes index and Bibliography: p. 431-458. | ||
| 650 | 0 |
_aProbabilities. _9154658 |
|
| 650 | 0 |
_aProbabilities _vBibliography. _9154659 |
|
| 942 |
_2ddc _cBK |
||
| 999 |
_c51726 _d51726 |
||